000 00713nam a2200193Ia 4500
008 151121s9999||||xx |||||||||||||| ||und||
082 _a781/भट्ट
082 _bHNW-58569
100 _aभट्ट विश्वंभरनाथ
245 _aक्रमिक तान-आलाप-3
260 _b"संगीत कार्यालय, हाथरस,उत्तरप्रदेश"
260 _c--
300 _a320
600 _aभट्ट विश्वंभरनाथ
630 _aक्रमिक तान-आलाप-3
700 _aभट्ट विश्वंभरनाथ
730 _aक्रमिक तान-आलाप-3
942 _cBOOK
999 _c1240378
_d1240375